000
00312nam a22001337a 4500
008
180222b xxu||||| |||| 00| 0 eng d
020
_a
071831005991
041
_a
eng
080
_a
038
100
_a
23
101
_a
FJA
245
_a
The oxford essential biographical dictionary
_c
Berkley,B
942
_2
udc
_c
BK
999
_c
43119
_d
43119